Statistics for Every country from worst to best ( to live in)

Click here to take the quiz!

General Stats

  • This quiz has been taken 17 times
    (6 since last reset)
  • The average score is 46 of 200

Answer Stats

HintAnswer% Correct
AsiaUnited Arab Emirates
100%
OceaniaAustralia
75%
OceaniaNew Zealand
75%
AsiaSingapore
75%
EuropeSwitzerland
75%
EuropeAndorra
50%
EuropeAustria
50%
AsiaBahrain
50%
EuropeBelgium
50%
AsiaBhutan
50%
AfricaBotswana
50%
AmericaCanada
50%
AsiaChina
50%
AmericaCosta Rica
50%
EuropeCzech Republic
50%
EuropeDenmark
50%
Africa/AsiaEgypt
50%
EuropeEstonia
50%
EuropeFinland
50%
EuropeFrance
50%
EuropeGermany
50%
AfricaGhana
50%
EuropeIceland
50%
AsiaIndia
50%
AsiaIndonesia
50%
EuropeIreland
50%
AsiaIsrael
50%
EuropeItaly
50%
AsiaJapan
50%
AsiaJordan
50%
AsiaKuwait
50%
EuropeLiechtenstein
50%
EuropeLuxembourg
50%
AsiaMalaysia
50%
EuropeMalta
50%
AfricaMauritius
50%
EuropeMonaco
50%
OceaniaNauru
50%
EuropeNetherlands
50%
AsiaNorth Korea
50%
EuropeNorway
50%
AsiaPhilippines
50%
EuropePoland
50%
EuropePortugal
50%
AfricaRwanda
50%
EuropeSan Marino
50%
AfricaSeychelles
50%
EuropeSlovakia
50%
EuropeSlovenia
50%
AsiaSouth Korea
50%
EuropeSpain
50%
EuropeSweden
50%
AsiaTaiwan
50%
AfricaTunisia
50%
OceaniaTuvalu
50%
EuropeUnited Kingdom
50%
AmericaUnited States of America
50%
AmericaUruguay
50%
AsiaVietnam
50%
AsiaYemen
50%
AsiaAfghanistan
25%
EuropeAlbania
25%
AfricaAlgeria
25%
AmericaAntigua and Barbuda
25%
AmericaArgentina
25%
Europe/AsiaArmenia
25%
Asia/EuropeAzerbaijan
25%
AmericaBahamas
25%
AsiaBangladesh
25%
AmericaBarbados
25%
EuropeBelarus
25%
AmericaBrazil
25%
EuropeBulgaria
25%
AfricaBurundi
25%
AfricaCentral African Republic
25%
AmericaChile
25%
AmericaColombia
25%
EuropeCroatia
25%
Europe/AsiaCyprus
25%
AmericaDominica
25%
AmericaDominican Republic
25%
AmericaEcuador
25%
AfricaEritrea
25%
AfricaEthiopia
25%
Europe/AsiaGeorgia
25%
EuropeGreece
25%
AmericaGrenada
25%
AmericaHaiti
25%
AsiaHong Kong
25%
EuropeHungary
25%
AsiaIraq
25%
AfricaIvory Coast
25%
Asia/EuropeKazakhstan
25%
EuropeLatvia
25%
EuropeLithuania
25%
AsiaMacao
25%
AsiaMaldives
25%
OceaniaMarshall Islands
25%
AmericaMexico
25%
AsiaMongolia
25%
AfricaNigeria
25%
AsiaOman
25%
AsiaPakistan
25%
AmericaParaguay
25%
AmericaPeru
25%
AmericaPuerto Rico
25%
AsiaQatar
25%
EuropeRomania
25%
AfricaSomalia
25%
AfricaSouth Sudan
25%
AmericaSt Kitts and Nevis
25%
AmericaSt Lucia
25%
AmericaSt Vincent and the Grenadines
25%
AfricaTanzania
25%
AsiaThailand
25%
AmericaTrinidad and Tobago
25%
Asia/EuropeTurkey
25%
AsiaTurkmenistan
25%
AfricaAngola
0%
AmericaBelize
0%
AfricaBenin
0%
AmericaBolivia
0%
EuropeBosnia and Herzegovia
0%
AsiaBrunei
0%
AfricaBurkina Faso
0%
AsiaCambodia
0%
AfricaCameroon
0%
AfricaCape Verde
0%
AfricaChad
0%
AfricaComoros
0%
AmericaCuba
0%
AfricaDemokratische Republik Kongo
0%
AfricaDjibouti
0%
AsiaEasttimor
0%
AmericaEl Salvador
0%
AfricaEquatorial Guinea
0%
AfricaEswatini
0%
OceaniaFederated States of Micronesia
0%
OceaniaFiji
0%
AfricaGabon
0%
AfricaGambia
0%
AmericaGuatemala
0%
AfricaGuinea
0%
AfricaGuinea-Bissau
0%
AmericaGuyana
0%
AmericaHonduras
0%
AsiaIran
0%
AmericaJamaica
0%
AfricaKenya
0%
OceaniaKiribati
0%
EuropeKosovo
0%
AsiaKyrgyzstan
0%
AsiaLaos
0%
AsiaLebanon
0%
AfricaLesotho
0%
AfricaLiberia
0%
AfricaLibya
0%
AfricaMadagascar
0%
AfricaMalawi
0%
AfricaMali
0%
AfricaMauritania
0%
EuropeMoldova
0%
EuropeMontenegro
0%
AfricaMorocco
0%
AfricaMozambique
0%
AsiaMyanmar
0%
AfricaNamibia
0%
AsiaNepal
0%
AmericaNicaragua
0%
AfricaNiger
0%
EuropeNorth Macedonia
0%
OceaniaPalau
0%
AsiaPalestine
0%
AmericaPanama
0%
OceaniaPapua New Guinea
0%
AfricaRepublic of Congo
0%
EuropeRussia
0%
OceaniaSamoa
0%
AfricaSao Tome and Principe
0%
AsiaSaudi Arabia
0%
AfricaSenegal
0%
EuropeSerbia
0%
AfricaSierra Leone
0%
OceaniaSolomon Islands
0%
AfricaSouth Africa
0%
AsiaSri Lanka
0%
AfricaSudan
0%
AmericaSuriname
0%
AsiaSyria
0%
AsiaTajikistan
0%
AfricaTogo
0%
OceaniaTonga
0%
AfricaUganda
0%
EuropeUkraine
0%
AsiaUzbekistan
0%
OceaniaVanuatu
0%
EuropeVatican City
0%
AmericaVenezuela
0%
AfricaZambia
0%
AfricaZimbabwe
0%

Score Distribution

Percentile by Number Answered

Percent of People with Each Score

Your Score History

You have not taken this quiz since the last reset